MDQL
is popping MORE tags! Check the
thread
!
Quizzes
Events
Quiz Creation
Community
Videos
Private Events
Remove Ads
Sign In
Join for FREE
Feedback
Dark Mode
Quiz Categories
Sports
Geography
Music
Movies
Television
Just For Fun
Miscellaneous
History
Literature
Language
Science
Gaming
Entertainment
Religion
Holiday
For Kids
Quiz Lab
Recent
Popular Today
Quiz Kudos Today
Editor Picks
Curator Picks
Quizzes by...
Day
Popularity
Type
Ratings
Length
Year
Community
Subscriptions
Recent Discussions
Orange Saloon
Badges
Playlists
Quests
Create
Leaderboards
Showdown
Live 5
Trivia Bingo
Activity
Puzzle Library
Sporcle Events
Private Events
Virtual Trivia
Globe League
Become a Host
Pub Owners
SporcleCon
Opinionation
Our Games
Videos
Blog
Mobile Apps
Partnerships
Remove Ads and Go Orange
Feedback
History
US Presidents
World Leaders
Politics
Nation
Discovery
War
Decade
Year
Century
Biography
Art
History
US Presidents
World Leaders
Politics
Nation
Discovery
War
Decade
Year
Century
Biography
Art
Random Quiz
Search Sporcle
×
Quiz Lab
Quiz Lab
History
War
Type in answers that appear in a list
Type in answers that appear in a list
Classic
Best Score? Go Orange.
Global II World War One Review Stats
Can you name the key terms from the unit on World War One?
By
jmcmillen
20m
21 Questions
88 Plays
88 Plays
88 Plays
Comments
Comments
Give Quiz Kudos
Give Quiz Kudos
-
- Ratings
hide this ad
Forced Order
Answers have to be entered in order
Answers have to be entered in order
Replay
Link that replays current quiz
Next Quiz
Link to next quiz in quiz playlist
You Got
0%
They Got
Avg Score
64%
Avg Friend Score
Upgrade to see
Score Distribution
Jump to the score distribution portion of the page
Score
0/21
Timer
20:00
0
Plays Today
Clue
Answer
% Correct
Germany desperately wanted to avoid fighting a war on two _
_
_
_
_
_
_
_
_
_
_
_
Fronts
93.2%
Treaty that ended World War One and punished Germany
Treaty of Versailles
81.8%
Style of warfare found in World War One characterized by fortified defenses below ground to protect soldiers
Trench Warfare
80.7%
This luxury liner was sunk by a German U-
Boat in 1915
Lusitania
78.4%
The spark that lit the Powder Keg
Assassination of Franz Ferdinand
77.3%
International peacekeeping force formed after World War One
League of Nations
77.3%
These type of posters were created by all sides in World War One to try to influence people's opinions
Propaganda
75%
This side in World War One was made up of Britain, France, Russia, and eventually Italy and the United States
Allies
75%
The region known as 'The Powder Keg of Europe'
The Balkans
69.3%
Another word for the fines that Germany was forced to pay after World War One
Reparations
68.2%
Another word for cease fire, one was declared on November 11, 1918
Armistice
67%
Clue
Answer
% Correct
This side in World War One was made up of Germany, Austria-
Hungary, Bulgaria, and the Ottoman Empire
Central Powers
61.4%
N from the MAIN causes of World War One
Nationalism
58%
This event that took place in World War One resulted in over one million Christians dying at the hands of the Young Turks
Armenian Genocide
56.8%
Phrase used to describe a country devoting its entire economy to the war effort
Total War
54.5%
I from the MAIN causes of World War One
Imperialism
53.4%
M from the MAIN causes of World War One
Militarism
52.3%
Name of the plan Germany used to try to knock France out of the war quickly before focusing on Russia
Schlieffen Plan
51.1%
A from the MAIN causes of World War One
Alliances
46.6%
Germany declared _
_
_
_
_
_
_
_
_
_
_
_
_
_
_
_
_
_
_
_
_
_
_
_
_
_
_
_
_
_
_
_
_
_
, where they said that any ship found near England was a target for attacks
Unrestricted submarine warfare
43.2%
Clause 231 of the Treaty of Versailles was also known as the _
_
_
_
_
_
_
_
_
_
_
_
_
_
_
_
_
_
_
War guilt clause
39.8%
Quiz Playlist
Details
Report
Send in Message
Add To Playlist
Classic:
Type in answers that appear in a list
Forced Order:
Answers have to be entered in order
Last Updated: Feb 16, 2017
Quiz Scoreboard
CHALLENGE
Sign Up to Join the Scoreboard
Show All
Scores
Hide
Comments
May contain spoilers
Recently Published
5x2 Blitz: Bands
by SL_Kpop136
Music
30s
Colored Red Africa Blitz
by spor1
Geography
30s
Find the 'City' Movie
by crazypaving
Movies
60s
More to Explore
Quiz From the Vault
Featured Blog Post
14 Easter Pick-up Lines to Find Eggs With
hide this ad
You Might Also Like...
Tags
War Quiz
World Quiz
global
Key
Review
Term
unit
Today's Top Quizzes in History
Browse History
hide this ad
Today's Top Quizzes in War
Browse War
Top Contributed Quizzes in History
1
Popular People in 1991
2
US National Parks Named After People
3
Popular People in 1981
4
Popular People in 1951
5
Popular People in 1941
6
Complete a popular quote - Maya Angelou
7
Order Up: 1000 Years of World Events I
8
Popular People in 1986
9
Popular People in 1936
10
Popular People in 1926
Explore More
Trending Topics
NBA
Crossword
Kpop
Marvel
Anime
Disney
Harry Potter
WWE
NFL
The Office
Song
Country
Soccer
Pokémon
Puzzle
hide this ad
More By:
jmcmillen
Quiz
Plays
Rating
Category
Featured
Created
Global II World War Two Review (Clickable)
2,939
3.86
History
May 18, 2012
Global I Rome Review (clickable)
2,708
2.73
History
Jun 1, 2012
Global I Pre-History/River Valleys Review (clickable)
2,507
3.50
History
Jun 1, 2012
U.S. History Colonial and Revolutionary War Review
2,234
4.50
History
May 22, 2014
Global I Ancient Greece Review (clickable)
2,087
3.00
History
Jun 1, 2012
Go to Creator's Profile
Score Distribution
Quiz Creator Spotlight
jmcmillen
Follow
Send a Message
Quizzes Created
-
Created Quiz Play Count
-
More By This Creator
Popular Quizzes Today
1
Find the 'City' Movie
2
5x2 Blitz: Bands
3
Colored Red Africa Blitz
4
Find the US States - No Outlines Minefield
5
The Countries of the World
6
Find the US States
7
9x9 Crossword: Cartoon Network
8
US States
More History Quizzes
US Presidents by First Letter Blitz
Published
Trending Quizzes
Colored Red Europe Blitz I
Colored Red Africa Blitz II
Colored Red Europe Blitz III
Colored Red Europe Blitz II
Colored Red Africa Blitz III
Recently Updated
Champions League XIs: Real Madrid
pecheneg
Largest US Cities 1790-2010
pecheneg
Rides in Walt Disney World
pecheneg
Most Oscar Losses (Acting)
pecheneg
Beyoncé Albums
pecheneg
Leaping Animals
pecheneg
Reality TV Shows (A-Z)
bhenderson79
Rickey Henderson's Hall of Fame Teammates
pecheneg
Champions League XIs: Arsenal
pecheneg
Quick Pick: Celebrities in WWE's Hall of Fame
aduchscher
Trending Topics
Marvel
Crossword
Kpop
Harry Potter
NBA
Disney
Anime
WWE
Soccer
NFL
Pokémon
Song
Puzzle
The Office
Country
Your Account Isn't Verified!
In order to create a playlist on Sporcle, you need to verify the email address you used during registration. Go to your
Sporcle Settings
to finish the process.
Report this User
Report this user for behavior that violates our
Community Guidelines
.
Details:
Send Report
Go to the Sporcle.com Mobile Site →
Comments